| 000 | 00361nam a22001337a 4500 | ||
|---|---|---|---|
| 020 | _a978-81-775-8902-3 | ||
| 082 |
_a621.433 _bSAR |
||
| 100 | _4Saravanamuttoo, Hih | ||
| 245 |
_aGas Trubine Theory/ _cHih Saravanmuttoo, H. Cohen GFC Rogers, |
||
| 250 | _aFifth Edition | ||
| 260 |
_aSouth Asia : _bPearson; _c2001. |
||
| 300 | _axvi : 491p. | ||
| 942 |
_2ddc _cBK |
||
| 999 |
_c593473 _d593473 |
||